Statystyki dla Najwięcej występów w konkursach Pucharu Świata

Kliknij tutaj aby rozwiązać quiz!

Ogólne statystyki

  • Ten quiz został rozwiązany 276 razy
  • Średni wynik to 11 z 21

Statystyki odpowiedzi

MiejsceKrajLiczbaImię i nazwisko% Poprawnych
6Polska355Kamil Stoch
97%
8Polska349Adam Małysz
94%
1Japonia569Noriaki Kasai
94%
3Finlandia411Janne Ahonen
91%
2Szwajcaria446Simon Ammann
91%
20Polska275Piotr Żyła
84%
15Czechy288Roman Koudelka
72%
4Czechy361Jakub Janda
70%
20Austria275Gregor Schlierenzauer
54%
10Japonia316Daiki Ito
52%
15Norwegia288Anders Bardal
43%
13Niemcy292Martin Schmitt
42%
11Austria309Andreas Kofler
39%
9Słowenia325Robert Kranjec
38%
15Austria288Andreas Goldberger
35%
5Austria356Wolfgang Loitzl
30%
14Finlandia290Matti Hautamaki
24%
7Norwegia350Roar Ljokelsoy
17%
19Austria279Andreas Widholzl
15%
18Niemcy280Michael Neumayer
12%
12Austria307Martin Höllwarth
11%

Rozkład punktacji

Percentyl według liczby udzielonych odpowiedzi

Procent ludzi z każdym wynikiem

Twoja historia wyników

Nie rozwiązałeś tego quizu